000 00502nam a22001697a 4500
005 20160303082857.0
006
008 131223s2011 nyua o 001 0 eng d
020 _a9780071754491
020 _a0071754490
041 0 _aeng
080 _a004
245 1 0 _aOracle Business Process Management Suite 11g handbook
_cManoj Das, Manas Deb, Mark Wilkins.
246 3 0 _aBusiness Process Management Suite 11g handbook
256 _aComputer document.
942 _2udc
_cBK
999 _c669
_d669